000
00450nam a2200133Ia 4500
008
100328s9999 xx 000 0 und d
082
_b
29104
100
_a
शिरशेकर शारदा कुमार
245
_a
दीप तुझ्या वंशाचा
260
_b
त्रिदल
630
_a
दीप तुझ्या वंशाचा
730
_a
दीप तुझ्या वंशाचा
942
_c
BOOK
999
_c
520201
_d
520198